Elementary principles of chemical processes (Record no. 25348)

000 -LEADER
fixed length control field 00647nam a2200217 a 4500
001 - CONTROL NUMBER
control field 25348
003 - CONTROL NUMBER IDENTIFIER
control field BD-DhUET
008 - FIXED-LENGTH DATA ELEMENTS--GENERAL INFORMATION
fixed length control field 850517s1986 nyua b 001 0 eng
040 ## - CATALOGING SOURCE
Original cataloging agency DLC
Transcribing agency DLC
Modifying agency BD-DhUET
082 00 - DEWEY DECIMAL CLASSIFICATION NUMBER
Classification number 660.284
Item number FEL/1986
100 ## - MAIN ENTRY--PERSONAL NAME
Personal name Felder, Richard M.
245 10 - TITLE STATEMENT
Title Elementary principles of chemical processes
250 ## - EDITION STATEMENT
Edition statement 2nd ed.
260 ## - PUBLICATION, DISTRIBUTION, ETC. (IMPRINT)
Place of publication, distribution, etc. New York
Name of publisher, distributor, etc. John Wiley & Sons
Date of publication, distribution, etc. 1986
300 ## - PHYSICAL DESCRIPTION
Extent xix, 668 p.
Other physical details ill.
Dimensions 25 cm.
490 ## - SERIES STATEMENT
Series statement Wiley series in chemical engineering
504 ## - BIBLIOGRAPHY, ETC. NOTE
Bibliography, etc Includes bibliographies
650 #0 - SUBJECT ADDED ENTRY--TOPICAL TERM
Topical term or geographic name as entry element Chemical processes, Pressure, Temperature, Energy
700 ## - ADDED ENTRY--PERSONAL NAME
Personal name Rousseau, Ronald W.
942 ## - ADDED ENTRY ELEMENTS (KOHA)
Koha item type General Book
Holdings
Copy number Withdrawn status Location (home branch) Koha item type Koha date last borrowed Piece designation (barcode) Source of classification or shelving scheme Koha date last seen Not for loan Koha full call number Damaged status Shelving location Lost status Date acquired Sublocation or collection (holding branch) Price effective from Koha normalized classification for sorting Koha issues (times borrowed)
1 Central Library, BUETGeneral Book2022-11-2170553 2022-11-22 660.284/FEL/1986 Circulation section 2015-05-14Central Library, BUET2015-05-14660_284000000000000_FEL_19861
2 Central Library, BUETGeneral Book2017-10-1670552 2017-12-13 660.284/FEL/1986 Circulation section 2015-05-14Central Library, BUET2015-05-14660_284000000000000_FEL_19861
3 Central Library, BUETReading Item 68089 2015-06-20 660.284/FEL/1986 Reading section 2015-06-20Central Library, BUET2015-06-20660_284000000000000_FEL_1986 
4 Central Library, BUETReading Item 68090 2015-06-20 660.284/FEL/1986 Reading section 2015-06-20Central Library, BUET2015-06-20660_284000000000000_FEL_1986 
5 Central Library, BUETReading Item 68092 2015-06-20 660.284/FEL/1986 Reading section 2015-06-20Central Library, BUET2015-06-20660_284000000000000_FEL_1986 
6 Central Library, BUETReading Item 68091 2015-06-30 660.284/FEL/1986 Reading section 2015-06-30Central Library, BUET2015-06-30660_284000000000000_FEL_1986